00761nam a22002297a 450000500170000001000110001702000100002803500110003803700160004904000120006508200170007710000280009424500710012226000360019327000150022930000200024465000330026465000290029794200260032699900190035295201600037120170124110007.0 a416531 c00.00 a416531 bCen Lib/Ret aDPLbEN a350.954bSHA aSharma, Shri Ram978761 aEducation of public administration in india /cby Shri Ram Sharma  aAllahabad bCentral Book Depot  bAllahabad  a412p.c20cm(Hb) aPublic administration 94733 aEducation zIndia 98226 2ddccENh350.954mSHA c126275d126275 04104070aLbLd2015-06-25eCen Lib/Retg0.00l0o350.954 SHAp416531r2015-06-25 00:00:00t1v0.00w2015-06-25yENzW/d List No. 6890/3 ; dtd 14/09/2020